Kurultaylar ve sonrası (Record no. 6824)

MARC details
000 -BAŞLIK
Sabit Uzunlukta Kontrol Alanı 00618na a2200217 4500
001 - KONTROL NUMARASI
Denetim Alanı 15968
003 - KONTROL NUMARASI IDENTIFIER
Denetim Alanı MIRAKIL
005 - SON İŞLEM TARİHİ VE ZAMANI
Denetim Alanı 20181213155121.0
008 - SABİT-BOY VERİ ELEMANLARI - GENEL BİLGİLER
Sabit Uzunlukta Kontrol Alanı 161224b tu 000 0
040 ## - KATALOGLAMA KAYNAK
Orijinal Kataloglama Ajansı Milas
Kataloglama Dili tur
Metne Dönüştürmek Ajansı TR-AnCHP
082 ## - DEWEY ONLU SINIFLANDIRMA NUMARASI
Sınıflandırma Numarası CHP 324.2372
Ürün Numarası E13k 1972
090 ## - SINIFLAMA NUMARASI
Sınıflama Numarası CHP 324.2372 E13k 1972
100 ## - ANA GİRİŞ - KİŞİSEL İSİM
Kişisel Ad Ecevit, Bülent
Bir Adıyla İlişkilendirilen Tarihler 1925-2006
245 ## - BAŞLIK TABLOSU
Başlık Kurultaylar ve sonrası
Sorumluluk Tablosu, Vb Bülent Ecevit
260 ## - YAYIN, DAĞITIM, VB
Yayın, Dağıtım, Vb Yeri Ankara
Yayıncı, Dağıtıcı, Vs Adı İleri Yayınları
Yayın, Dağıtım, Vb Tarihi 1972
300 ## - FİZİKSEL TANIM
Kapsam 122 s.
Boyutlar 20 sm.
490 ## - SERİSİ TABLOSU
Seri Beyanı Derleme Dizisi
Hacim / Ardışık Tanımı 1
610 ## - KONU KATMA GİRİŞ - TOPLANTI ADI
Giriş Elemanı Olarak Kurumsal Ad Veya Yargı Alanı Adı CHP
Genel Alt Bölüm Kurultaylar, 1972
610 ## - KONU KATMA GİRİŞ - TOPLANTI ADI
Giriş Elemanı Olarak Kurumsal Ad Veya Yargı Alanı Adı CHP
Genel Alt Bölüm Genel başkanlar
Kronolojik Alt Bölüm Konuşmalar
942 ## - EKLENDİ GİRİŞ ELEMANLARI (KOHA)
Sınıflandırma Veya Raf Düzeni Kaynak Dewey Decimal Classification
Koha Öğesi Türü Books
999 ## - SİSTEM KONTROL NUMARALARI (KOHA)
Koha Biblionumber 6824
Koha Biblioitemnumber 6824
Holdings
Kalıcı Konum Mevcut Konum Edinme Tarihi Edinim Kaynak Toplam Check-Out'Lar Tam Çağrı Numarası Barkod Tarih Son Görülme İtibaren Geçerli Fiyatlar Koha Öğesi Türü Kopya Sayısı
CHP Kütüphanesi CHP Kütüphanesi 09/28/2016 Bağış   CHP 324.2372 E13k 1972 004604 09/28/2016 09/28/2016 Books  
CHP Kütüphanesi CHP Kütüphanesi 11/08/2016 Bağış   CHP 324.2372 E13k 1972 009239 11/08/2016 11/08/2016 Books k.2
CHP Kütüphanesi CHP Kütüphanesi 08/17/2017 Bağış   CHP 324.2372 E13k 1972 017200 08/17/2017 08/17/2017 Books k.4